000 00922nam a2200217Ia 4500
999 _c39476
_d39476
001 6070
003 GE_BSU
005 20190925122749.0
008 181216s1959||||ge |||||||||||||| ||geo||
040 _cGE_BSU
041 _ageo
080 _a821.353.1-31 ა-78
100 _aარდაზიანი, ლავრენტი
_94309
245 _aსოლომონ ისაკიჩ მეჯღანუაშვილი :
_bმოთხრობა /
_cლავრენტი არდაზიანი ; რედ. ე. ივანიშვილი.
264 _aთბილისი :
_bცოდნა ;
_c1959.
300 _a103 გვ. ;
_c 22 სმ.
653 _aსოლომონ ისაკიჩ მეჯღანუაშვილი
653 _aმოთხრობა
700 _aივანიშვილი, ე.
_eრედაქტორი
_94316
942 _cBK
_2udc